000 01404cam a22002774a 4500
001 115519
005 20230410103936.0
008 120223s2012 xxkab b 001 0 eng |
020 _a9780571288045
050 1 4 _a525 DT 236
_bH655s 2012
100 1 _aHilsum, Lindsey.
245 1 0 _aSandstorm :
_bLibya in the time of revolution /
_cLindsey Hilsum.
260 _aLondon :
_bFaber and Faber,
_c2012.
300 _a288 p., [16] p. of plates :
_bill. (some col.), map
504 _aIncludes bibliographical references and index.
505 0 _aPrologue -- The people demand the fall of the regime -- The strange world of Muammar Gadaffi -- Subversives and stray dogs -- Massacre at Abu Salim -- That mad dog of the Middle East -- King of kings of Africa -- Sons and daughters -- Spies, diplomats and drones -- The battle for Tripoli -- After the revolution.
520 _aDescribes the 2011 defeat of Libya's dictator Muammar Gadaffi by his own people, tracing the story of Gadaffi's regime from its early days of popular appeal to the fear and corruption of its final years from the perspectives of five Libyan rebels.
650 0 _aLibya
_xHistory
_yCivil War, 2011-
650 0 _aRevolutions
_zLibya.
650 4 _aLibia
_xHistoria
_yGuerra civil, 2011.
650 4 _aRevoluciones
_zLibia.
600 1 0 _aQaddafi, Muammar.
651 0 _aLibya
_xHistory
_y1969-
942 _2lcc
_cbk
946 _arsfv
999 _c28892
_d28892